000 01041cam a22003257a 4500
003 CHAP
005 20220329133116.0
008 971013s1990 r 00010 d
010 _a2248
011 _a3220
035 _a2420
040 _cCHAP
090 _aFolleto 12586
100 0 0 _aPeppino Barale, Ana María.
_986947
245 1 3 _aLa radio permisionada en México
_b: el caso de Hidalgo
260 _aMéxico, D. F. :
_bFundación Friedrich Ebert,
_c1990
300 _a101 p.
_b: ilus.
490 0 _aEconomics. Working paper
_v; 26
590 _aBATCH-UPD
_b10
_c20130110
_lUCH01
_h1123
590 _aBATCH-UPD
_b10
_c20130410
_lUCH01
_h0713
590 _aBATCH-UPD
_b10
_c20130914
_lUCH01
_h1023
590 _aCONVERSION
_b10
_c20130109
_lUCH01
_h1302
650 1 4 _aComunicación de masas.
_926210
650 1 4 _aRadio.
_993686
710 0 _aFundación Friedrich Ebert. México.
_943984
830 0 _aEconomics. Working paper
_v; 26
_935222
901 _aBK
942 _cFOLL
949 _aFolleto 12586
_bBC
_cFOLL
_d-11921
_eTS1
_i2420
_si
999 _c2248
_d2248